Vista normal
Vista MARC
Entrada Materia (tema)
Número de registros utilizados en: 1
001 - CONTROL NUMBER
- control field: 75480
003 - CONTROL NUMBER IDENTIFIER
- control field: Co-BoUCM
005 - DATE AND TIME OF LATEST TRANSACTION
- control field: 20160212110816.0
008 - FIXED-LENGTH DATA ELEMENTS
- fixed length control field: 160212|| aca||aabn | a|a d
040 ## - CATALOGING SOURCE
- Original cataloging agency: Co-BoUCM
- Transcribing agency: Co-BoUCM
150 ## - HEADING--TOPICAL TERM
- Topical term or geographic name as entry element: Archivos
- General subdivision: Condiciones ambientales
670 ## - SOURCE DATA FOUND
- Source citation: Work cat.: (Co-BoUCM)302645: Zapata Cárdenas, Carlos Alberto 75479, Guía para la elaboración de planes de contigencia en archivos , 2011